Представление документа в формате RUSMARC

ПолеНазваниеЗначение
  Тип записи a
  Библиографический уровень m
001 Контрольный номер UONB/MAIN/ce89ea60741a45d8b8e741f439f969c2
005 Дата корректировки 20260429142953.8
010 Индекс ISBN __
d Цена 8 р. 25 к.
9 Тираж 50000 экз.
100 Данные общей обработки __
a Данные общей обработки 20260429d1947 m y0rusy0189 ca
101 Язык документа 0_
a Язык текста rus
102 Страна публикации __
a Страна публикации RU
105 Кодированные данные (монография) __
a Кодированные данные (монография) a j 000yy
200 Заглавие и сведения об ответственности 1_
a Заглавие Анатомия и физиология человека
e Сведения, относящиеся к заглавию учебник для учительских институтов
f Первые сведения об ответственности А. Н. Студитский, А. М. Рябиновская
203 Вид содержания и тип средства __
a Вид содержания Текст
b Характеристика содержания визуальный
c Тип средства непосредственный
210 Выходные данные 1_
a Место издания Москва
c Издательство Учпедгиз
d Дата издания 1947
215 Физическое описание __
a Объем 267 с.
c Иллюстрации/тип воспроизводства ил., 3 л. ил.
d Формат 22 см
606 Тематические рубрики 0_
a Основная рубрика Анатомия человека
j Формальный подзаголовок Учебники и пособия
606 Тематические рубрики 0_
a Основная рубрика Физиология человека
j Формальный подзаголовок Учебники и пособия
610 Ключевые слова 0_
a Ключевые слова учебники для вузов
610 Ключевые слова 0_
a Ключевые слова анатомия человека
610 Ключевые слова 0_
a Ключевые слова физиология человека
686 Индексы других классификаций __
a Классификационный индекс 28.903я73
2 Код системы rubbk
686 Индексы других классификаций __
a Классификационный индекс 28.860я73
2 Код системы rubbk
700 Автор _1
a Фамилия Студитский
b Имя (инициалы) А. Н.
g Полное личное имя Александр Николаевич
4 Код отношения 070
701 Альтернативная интеллектуальная ответственность _1
a Фамилия Рябиновская
b Имя (инициалы) А. М.
g Полное личное имя Александра Матвеевна
4 Код отношения 070
801 Источник записи _0
a Страна RU
b Организация Ульяновская ОНБ
c Дата составления 20260429
g Правила каталогизации RCR
801 Источник записи _1
a Страна RU
b Организация Ульяновская ОНБ
c Дата составления 20260429
g Правила каталогизации RCR
901 Тип документа __
t Тип документа m
909 Создатель записи __
a Создатель записи Грязнова Т.
b Дата создания записи 20260429